000 00286nam a22001337a 4500
008 170927b xxu||||| |||| 00| 0 eng d
020 _a9780194756105
041 _aeng
080 _a37
100 _a47
101 _aEDU
245 _aSKILLS FOR SUCCESS
_cSCANLON,J
942 _2udc
_cBK
999 _c30253
_d30253